000 00624nam a22002177a 4500
003 UA-OsUOA
001 107938
007 ta
008 20140923b un ||||| |||| 00| 0 ukr d
100 _aЗагнітко А.
090 _a81
_bЗ-14
942 _cSA
040 _aUA-OsUOA
_bukr
_cUA-OsUOA
_dUA-OsUOA
245 _aНаціонально-мовне програмування: мовні виклики
300 _aС.6-7
955 _a0
041 _aukr
080 _a81
773 0 _w107937
650 7 _a8 Мовознавство. Художня література. Літературознавство
_2UDC
999 _c394919
_d394919